00485nam a2200193 a 4500001001300000003000900013005001700022008004100039020001000080082001600090100002000106245001900126260004200145300000800187500003500195505001700230650002400247700002000271nice12345678IN_TiNIC20260116012658.0050524s1975 cana grp 000 0 eng  ac10000a248.32bHAR aHarlow, Gertrud aAsk in My Name aCanadabEvery Day Publications c1975 a53p aincludes index and biblioraphy2 aBibliography aPrayer-Christianity1 aHarlow, Gertrud